000 00593nam a2200181 i 4500
001 20330
003 ES-MaACL
005 20250729063150.0
007 t|
008 021111s1984 sp a |||| | spa d
100 1 _aAguilar Civera, Inmaculada
_918717
245 1 0 _aHistoria de las estaciones
_b: arquitectura ferroviaria en Valencia /
_cInmaculada Aguilar Civera.
260 _aValencia :
_bDiputació Provincial,
_c[1984]
300 _a176 p. :
_bil. ;
_c28 cm.
650 0 4 _aEstaciones de ferrocarril-
_zEspaƱa.
_912519
852 _aES-MaACL
_jL-7487
999 _c20330
_d20330